[Event "Budha Bhandari Memorial"]
[Site "Budhanilkantha"]
[Date "2019.11.14"]
[Round "9"]
[White "Subba, Tirtha Raj"]
[Black "Khadka, Govinda"]
[Result "1-0"]
[WhiteElo "1810"]
[BlackElo "1548"]
[PlyCount "64"]
[EventDate "2019.11.09"]
[EventType "swiss"]
[EventRounds "9"]
[EventCountry "NEP"]
[SourceTitle "CBM 193 Extra"]
[Source "ChessBase"]
[SourceDate "2020.01.31"]
[SourceVersion "1"]
[SourceVersionDate "2020.01.31"]
[SourceQuality "1"]

1. d4 d5 2. c4 e6 3. Nf3 Nf6 4. Bg5 h6 5. Bh4 Nbd7 6. e3 dxc4 7. Bxc4 Be7 8. 0-0 0-0 9. Re1 a6 10. Nc3 b5 11. Bd3 Bb7 12. Rc1 c6 13. Bxf6 Nxf6 14. e4 Rc8 15. e5 Nd5 16. Ne4 Nf4 17. Bf1 Bb4 18. Re3 Qb6 19. a3 Be7 20. b4 Nd5 21. Re2 Rfd8 22. Qe1 Bf8 23. Rec2 Ne7 24. Nd6 Rc7 25. Rd1 Ba8 26. Rd3 Nf5 27. Nxf5 exf5 28. Nh4 Rxd4 29. Qe3 Rcd7 30. Nxf5 c5 31. Nxd4 cxd4 32. Qe2 Bxg2 1-0